logos #1 - Statistics

General Stats
  • This quiz has been taken 40 times
  • The average score is 14 of 20
Answer Stats
Picture Answer % Correct
Disney
100%
Mercedes
100%
FedEx
97%
NBA
97%
apple
91%
mcdonalds
91%
7-Eleven
86%
Aldi
83%
LinkedIn
74%
Clorox
66%
Adobe
63%
Chipotle
63%
Skechers
63%
Heinz
60%
Discord
57%
TripAdvisor
51%
mastercard
49%
General Mills
43%
Hilton
43%
instagram
43%
No matching quizzes found
Score Distribution
Percent of People with Each Score
Percentile by Number Answered
Your Score History
You have not taken this quiz